My Demons in Geometry Dash (165 Demons) - Statistics

General Stats
  • This quiz has been taken 50 times
    12 since last reset
  • The average score is 47 of 165
Answer Stats
Rank Demon Publisher Demon Difficulty Song ID (in millions) Length Rating % Correct
38 B motleyorc Medium Demon Beep Beep 34 Long Epic
100%
86 Clubstep RobTop - ________ - Long -
100%
42 Deadlocked Robtop - __________ - Long -
100%
12 Nine Circles Zobros Hard Demon NK - ____ _______ 4 Long Featured
100%
65 Theory of Everything 2 Robtop - ______ __ __________ _ - Long -
100%
10 CraZy DavJT Hard Demon Circus Contraption - Charmed Im Sure (DirtyPaws Remix) (NEW MIX) (Instrumental) 40 Long Epic
88%
6 CraZy II DavJT Insane Demon Circus Contraption - come To The Circus (DirtyPaws Remix) 47 Long Epic
88%
1 CraZy III DavJT Insane Demon Circus Contraption - Wicked Fascinations (DirtyPaws Remix) 73 XL Epic
88%
14 Future Funk JonathanGD Hard Demon Whats a ______ ____? 44 XL Epic
88%
162 iS Grenate Easy Demon Aether 65 Long Epic
88%
159 THE LIGHTNING ROAD timeless real Easy Demon Dry Out <1 Long Featured
88%
165 The Nightmare Jax Easy Demon Polargeist <1 Long Featured
88%
156 iSpyWithMyLittleEye Voxicat Easy Demon BIKE 89 Long Epic
75%
28 Ultra violence Xender Game Medium Demon ELEPS - POWERSOUND (DUBSTEP) 60 Long Epic
75%
5 Windy Landscape WOOGI1411 Insane Demon TheFatRat - Windfall 4 Long Featured
75%
132 Change of Scene bli Easy Demon Beethoven - Moonlight Sonata 3rd Movement (meganeko Remix) (2022 Version) 90 XL Epic
63%
40 Death Moon Caustic Easy Demon _____ ____ 8 XL Featured
63%
48 DeCode Rek3dge Easy Demon -Endgame- 2 Long Featured
63%
88 DEMON PARK melX0exe Medium Demon Time Machine 93 Long Epic
63%
90 demon park M2coL Easy Demon Time Machine <1 Long Featured
63%
37 Extinction haoN Easy Demon Pyrolysis (Original Mix) 38 Long Epic
63%
2 Future Funk II JonathanGD Insane Demon Ouais Ouais (ft. SlyLeaf) 59 XL Epic
63%
20 Jawbreaker ZenthicAlpha Hard Demon NK - __________ 6 Long Featured
63%
158 Platinum Adventure Jerry V Easy Demon -Endgame- 5 Long Featured
63%
30 Reanimation Terron Medium Demon Reanimate - (Warak) ~imadjinary remix 14 XL Featured
63%
43 Sidestep ChaSe Easy Demon ________ 18 Long Featured
63%
95 X TriAxis Easy Demon Holography 17 Long Featured
63%
67 Dear Nostalgists TriAxis Easy Demon Bossfight - Okiba Crackdown 18 XL Featured
50%
26 HeLL Serponge Medium Demon ---Accelerate--- 25 Long Featured
50%
4 Magma Bound ScorchVx Insane Demon cYsmix - Classic Pursuit 56 Long Epic
50%
46 Mechanical Showdown Tongii Medium Demon Stomping Ground 27 Long Epic
50%
36 Sakupen Egg Sivlol Medium Demon Iron God: Sakupen Hell Yes RMX 58 Long Featured
50%
147 Speed Racer ZenthicAlpha Easy Demon ParagonX9 - Chaoz Impact 3 Long Featured
50%
9 TOE III Manix648 Hard Demon Domyeah - ToE 3 29 Long Epic
50%
71 Trump Circles Rlol Easy Demon The Great Trump Wall 26 Long Rated
50%
164 demon mixed RealOggY Easy Demon Time Machine <1 Long Rated
38%
53 Motion TamaN Easy Demon Pursuit 15 Long Featured
38%
16 Nowise Darwin Hard Demon Bossfight - ______ 38 Long Epic
38%
54 PP AmorAltra Easy Demon Peepee Song (Censored) 60 XL Epic
38%
3 Psychosis Hinds Hard Demon ---Spiders--- 15 Long Featured
38%
107 Speed of Light TheRealSalad Easy Demon At the Speed of Light 5 Long Featured
38%
76 Traction Ferdefunky Easy Demon Danque 23 Long Featured
38%
24 VeritY Serponge Medium Demon The Calling (feat. Laura Brehm) 18 Long Featured
38%
120 Xstep v2 IIINePtunEIII Easy Demon xStep <1 Long Featured
38%
51 Zafari Rustam Easy Demon Africa calls 29 Long Featured
38%
104 Blue Hell LaZye Easy Demon Helix - Archetype 11 Long Rated
25%
18 BOSS 3 Electro Xender Game Hard Demon ( Electro ) Frontlines 45 Long Epic
25%
115 Buried Angel f3lixsram Easy Demon Archangel 38 Long Epic
25%
8 Dance Massacre Hinds Hard Demon Flock 11 Long Featured
25%
15 Darkness Keeper AbstractDark Hard Demon X&HE - Soulstorm 36 Long Epic
25%
133 DeaDrop DYSCO Easy Demon Vairo - NIGHTMARE 56 Long Epic
25%
11 Different Descent Danke Hard Demon Carnivores 62 XL Featured
25%
161 dorabaedifficult4 DORABAE Easy Demon Electrodynamix 2 Long Rated
25%
13 Double Dash Zoroa Hard Demon Shining Sprinter 59 XL Epic
25%
7 Forsaken Neon Zobros Hard Demon ________ ____ 6 Long Feaured
25%
106 Hold On DHaner Easy Demon Teminite - ____ __ 65 Medium Epic
25%
85 invisible clubstep - Easy Demon Clubstep 1 Long Rated
25%
157 phjork cerufiffy Easy Demon Cosmic Dolphin 56 Medium Featured
25%
94 Problematic Dhafin Easy Demon ~NK~ ___________ 7 Long Featured
25%
93 Retro Circles Nacho21 Easy Demon NK - Nine Circles (Xtrullor Remix) 14 Long Featured
25%
39 Rising Down Small Hard Demon Time Leaper 40 XL Featured
25%
163 Shiver SpKale Easy Demon KgZ - Black Snow (Violin Lead) 56 Long Featured
25%
31 Shrill Hallway Nico99 Medium Demon -Haunted woods- 36 Long Epic
25%
81 Sinless Ash Whirl Easy Demon Unholy Insurgency 90 XL Epic
25%
29 The Behemoth JacobROso Medium Demon Spaze - Underworld 35 XL Epic
25%
59 THE HILLS HAVE EYES overdefo Easy Demon g444444444g 74 XL Epic
25%
70 Ultimate Circles SUOMI Easy Demon NK - Nine Circles (Xtrullor Remix) 13 Long Featured
25%
45 Vibration schady Easy Demon Shattered 27 Long Featured
25%
17 white women heatherhayes Hard Demon Zambi - Unnamed Garbagio 63 Long Featured
25%
32 ZXCircleS Wintter Easy Demon The Future Is Now 72 Long Featured
25%
144 69 machine - Easy Demon Stereo Madness <1 Long Featured
13%
119 850 OzzeL2 Easy Demon Doctor Thunder - 2020 Remaster 85 Long Featured
13%
108 ABCDEFGHIJKLMNOPQRS NeoSweet Easy Demon ColBreakz - 30.000 45 Long Featured
13%
139 Absolute Garbage bli Easy Demon Warzone [Unfinished] 83 Long Epic
13%
112 Adust f3lixsram Easy Demon Bossfight - _____ 33 Long Epic
13%
98 Aeoning Vizitek Easy Demon (TMM43) Maybe 89 Long Featured
13%
145 Altos Odyssey GD Charz Easy Demon Winterlude 69 Long Featured
13%
100 Anatomic Lemons Easy Demon Geoplex - Eminence 38 Long Epic
13%
19 Beep Beep Im a Sheep IronIngot Medium Demon ____ ____ __ _ _____ 58 Long Rated
13%
55 Blaze Instinct King23James Easy Demon Teminite - Break Free 88 Long Featured
13%
113 Born Survivor Splinter25 Easy Demon Shirobon - ____ ________ 79 Long Epic
13%
84 Broken Gameboy Voxicat Easy Demon In The Tigers Den 75 Long Epic
13%
110 Broken Roulette NoFlix Easy Demon NH22 - Isolation 86 Long Featured
13%
109 Bwomp Processing EnenzoGD Easy Demon -BlastProcess- 88 Long Featured
13%
102 by mulpan Mulpan Easy Demon A Tiny Spaceships Final Missi 81 Long Featured
13%
111 Cloud9er ewop Easy Demon Summit 90 Long Featured
13%
79 Colorado Nikce Easy Demon Nubes 91 Long Epic
13%
69 Contra AirForce Easy Demon Bossfight - Nock Em 83 Long Featured
13%
47 Cosmic Rush OxNano Easy Demon Daydreamer 86 Long Epic
13%
149 Crescendo MasK463 Easy Demon Theory of Everything <1 Long Featured
13%
77 Crummy MUGNA Easy Demon SAHAQUIEL 85 Long Featured
13%
80 Cyber Space Zthos Easy Demon ELEPS - Paralel Space 93 Long Featured
13%
122 Cybersphere Atlex Easy Demon The Cyber Grind (ULTRAKILL Soundtrack) 87 Long Featured
13%
92 Cydonia FlyArCz Medium Demon Kinghts of _______ (EON Remix) 64 Long Rated
13%
74 Delusion HTigerzGD Easy Demon Thoughts 81 Long Epic
13%
155 D I S C O V E R Y A145 Easy Demon Discovery 70 Long Featured
13%
148 Down Unda Danzmen Easy Demon Teminite - Thundering Typhoons 81 Long Epic
13%
78 Dream flower Xender Game Easy Demon _____ ______ (????) 65 XL Epic
13%
151 Electro House Danolex Easy Demon ~_______ _____ 2012~ 90 Long Featured
13%
99 End Line dongchi Easy Demon End of the World 49 Long Rated
13%
118 ENDOG R4NGER Easy Demon Exyl - Egg 92 Long Epic
13%
101 Endorphin Rush TamaN Easy Demon DuoCore - Endorphins 18 Long Featured
13%
152 Equinox Magic Square Easy Demon Jumper <1 Long Featured
13%
114 Erou JonathanGD Easy Demon Veva 82 XL Epic
13%
61 Ethereal LuxiGD Easy Demon Bossfight - Mescalink 40 Long Featured
13%
129 fake oblivion Gabbs Easy Demon Rising Sun 82 Long Rated
13%
83 fall apart bli Easy Demon Ardolf - Fallen Demon 70 XL Epic
13%
33 firework endevvor Medium Demon NK - Classical VIP 71 Long Featured
13%
142 Flashbang SomeRandomCow Easy Demon _________ vip (preview) 86 Long Featured
13%
73 FOUR WHEEL DRIVE Split72 Easy Demon MANIA. 86 Medium Featured
13%
153 FROZEN INFERNO RealSmartish Easy Demon TheFatRat - Mad Moon Falling (Dota 2 Music Pack) 90 Long Featured
13%
25 Fugazeta The Bread Medium Demon ~EnV~Heaven Rd. 2 (Ng mix) 62 Long Featured
13%
44 Futurelocked Optation Easy Demon Deadlocked 79 Long Featured
13%
103 Galactic Codex Polarbeahr Easy Demon Pokemon - Temporal Tower Remix 90 Long Featured
13%
137 Goofi Industri GDTicLos Easy Demon F-777 - Super Duper 84 Long Featured
13%
136 grenate Grenate Easy Demon Discovery 81 Long Epic
13%
135 Hopla Gepsoni4 Easy Demon Hop 90 Long Featued
13%
134 Hype Time Vadi Easy Demon vremya khaypa (????? ?????) 64 Long Featured
13%
124 Impact X NiTro451 Easy Demon ParagonX9 - Chaoz Impact 28 Long Epic
13%
82 Impossible Demon 16lord Easy Demon Static Symphony (feat. Sunnexo) 94 Long Epic
13%
62 Inside SaabS Easy Demon Stay Inside Me 41 Long Epic
13%
131 JAUNT BrainETR Easy Demon Bamboo Berry 90 Long Featured
13%
52 Joyous fenk Easy Demon Pink Sand 88 Long Featured
13%
128 Kinemortophobia NagromX Easy Demon cYsmix - Fright March 86 Long Featured
13%
123 Lights And Thunder Lyod Easy Demon Electrodynamix <1 Long Featured
13%
60 Light Spectrum Nottus Easy Demon MDK & meganeko - Supercharge 90 Long Featured
13%
64 Magmaniac Whirl Easy Demon MDK & meganeko - Supercharge 88 Long Epic
13%
140 MAYMORY ItzKiba Easy Demon Gem Setter OST - 06 Antiparallelogram (ft. 1f1n1ty) 80 Long Featured
13%
63 Monolithos JonathanGD Easy Demon Monolith 91 XL Epic
13%
27 My Toilet Clogged nmth20012 Medium Demon -Feelin Better- 88 Long Featured
13%
41 Neo connot Easy Demon Daydreamer 86 Long Epic
13%
97 New Retro ReYzen Easy Demon WALKMAN 90 Long Featured
13%
96 neXus BlueRimz Easy Demon Xtrullor - Samsara 57 Long Epic
13%
127 Obvious Intuition zephlin Easy Demon Fisher Price 70 Long Featured
13%
72 outlaw ZynoxGD Medium Demon Creo - ______ 88 Long Rated
13%
126 OXIDIZE The Goola Easy Demon Creo - Drift 96 Long Epic
13%
150 PXTTXRN SXXKXR Viot Easy Demon Empress 81 Long Epic
13%
75 Radiant Rift ImMaxX1 Easy Demon Talurre - Fatum 92 Long Epic
13%
154 Radioactive Demon MrCheeseTigrr Easy Demon Clubstep <1 Long Featured
13%
130 Ratio Circles ch4rlie03 Easy Demon SmK - Human 77 Medium Featured
13%
49 red dart 4chairs Medium Demon CursedOS 77 Long Featured
13%
23 Section guppy28 Medium Demon Spitfya & Desembra - Cut The Check 62 Long Featured
13%
146 Shattering Light Horneet Easy Demon Paper Skies - Lightyear 91 Long Featured
13%
57 Silhouette Summit Nicki1202 Easy Demon -Clutterfunk Part 2- 85 Long Epic
13%
66 Silky Chaos ZubwaR Easy Demon KLYDIX - Promise 85 Long Epic
13%
121 snowrise NikolaGruz Easy Demon Epilogue 87 Long Featured
13%
21 Soesaeh HadoX Medium Demon Creo - Showdown 75 Long Featured
13%
35 Speed of Light II TheRealSalad Medium Demon At the Speed of Light 7 Long Featured
13%
89 Speedway BuiltInMacro Easy Demon (XBOX LIVE) 93 Long Featured
13%
141 STARPUNK Ferdefunky Easy Demon WALKMAN 63 XL Epic
13%
125 STARZERO LillyVX Easy Demon Hook Echo 95 Long Epic
13%
68 Sturovo TomawiN Easy Demon -Control: Mind- 65 Long Featured
13%
22 Takeoff nasgubb Easy Demon Jet Set 20 Long Featured
13%
50 Terminal Velocity TamaN Easy Demon Launch - Diskovr 94 Long Epic
13%
58 Toxicity Azuvy Easy Demon Bossfight - Mescalink 86 Long Featured
13%
138 Ultra Paracosm iIiRulasiIi Easy Demon Paracosm 11 Long Rated
13%
160 Unite SomeRandomCow Easy Demon Geoplex - Enduring 92 Long Epic
13%
34 Utopia II Leafparfait Medium Demon cloudfield - Fantasy (ft. Reichuu) 45 XL Featured
13%
91 Virtualization Splinter25 Easy Demon meganeko x Shirobon - Mind/ /Pulse 76 Long Epic
13%
117 weird llertt Easy Demon KzX - Stalemate 76 Long Rated
13%
116 What is it Booglee Easy Demon Experimental Demo Age (OUT NOW!) 61 Long Epic
13%
105 White Space Xender Game Easy Demon Something Different (feat. Talurre) 77 XL Epic
13%
143 Wrandering Experience D Easy Demon Wander of Thought - F-777 11 Long Featured
13%
56 Zircon DHaner Easy Demon CRYSTALLIZED 76 Long Epic
13%
87 Zynga MarkyArchived Easy Demon Geoplex - Subvert 87 Long Featured
13%
No matching quizzes found
Score Distribution
Percent of People with Each Score
Percentile by Number Answered
Your Score History
You have not taken this quiz since the last reset